000
00326nam a2200133Ia 4500
003
OSt
005
20240208121505.0
008
170524s9999 xx 000 0 und d
020
_a
978-8180543425
040
_c
IIMT UNIVERSITY
100
_a
Tripathi-PC
245
0
_a
Personnel Management & INDUSTRIAL RELATIONS
942
_2
ddc
_c
02
999
_c
4270
_d
4270